Länder mit den meisten Haushalten ohne Wasser - Statistiken

Allgemein
  • Dieses Quiz wurde 55 mal gespielt
  • Das Durchschnittsergebnis liegt bei 10 aus 20
Antwortstatistiken
Anteil Land % Korrekt
38,8% Südsudan
78%
41,4% Tschad
76%
42,5% Äthiopien
61%
35,9% Eritrea
61%
34,0% Sambia
61%
46,8% Mosambik
59%
37,0% Afghanistan
54%
47,0% Guinea-Bissau
54%
37,9% Sierra Leone
54%
48,0% Angola
52%
42,8% Jemen
52%
46,5% Haiti
50%
34,3% Tansania
50%
38,2% Togo
48%
58,6% Madagaskar
43%
38,1% ZAR
41%
42,0% Papua-Neuguinea
28%
40,9% Kambodscha
24%
37,3% Mongolei
24%
44,7% DR Kongo
17%
Keine übereinstimmenden Quizze gefunden
Verteilung der Resultate
Anzahl Personen mit jedem Resultat
Perzentil nach korrekt beantworteten Fragen
Ihre Resultats-Entwicklung
Sie haben dieses Quiz noch nicht gespielt